| 000 -ლიდერი |
| ფიქსირებული სიგრძის საკონტროლო ველი |
02137nam a22002777a 4500 |
| 003 - საკონტროლო ნომრის იდენტიფიკატორი |
| საკონტროლო ველი |
Ge_BSU |
| 005 - ბოლო ოპერაციის თარიღი და დრო |
| საკონტროლო ველი |
20231107114842.0 |
| 008 - ფიქსირებული სიგრძის მონაცემთა ელემენტები - ზოგადი ინფორმაცია |
| ფიქსირებული სიგრძის საკონტროლო ველი |
231107s2022 ge ||||| |||| 00| 0 geo d |
| 020 ## - წიგნის საერთაშორისო სტანდარტული ნომერი |
| International Standard Book Number |
9789941488672 |
| 041 ## - ენის კოდი |
| Language code of text/sound track or separate title |
geo |
| 080 ## - უნივერსალური ათობითი კლასიფიკაციის ინდექსი |
| Universal Decimal Classification number |
392(=353.1)+334.712/713(479.223) მ-36 |
| 245 ## - ცნობა სათაურის შესახებ |
| Title |
მასალები აჭარის ყოფისა და კულტურის შესწავლისათვის : |
| Remainder of title |
ტომი 3, ხელოსნობა-შინამრეწველობა / |
| Statement of responsibility, etc |
სარედაქციო კოლეგია: ნოდარ კახიძე (ტომის რედაქტორი), როინ მალაყმაძე, ნაილა ჩელებაძე [და სხვა]. ბათუმის შოთა რუსთველის სახელმწ. უნივერსიტეტი, ნიკო ბერძენიშვილის ინსტიტუტი, ეთნოლოგიის და სოციოლოგიური კვლევის განყოფილება. |
| 264 ## - წარმოების, გამოცემის, დისტრიბუციის და სხვა ცნობები |
| გამოცემის, წარმოების, დისტრიბუციის... ადგილი |
ბათუმი : |
| გამოცემის, წარმოების, დისტრიბუციის... სახელწოდება |
ბათუმის შოთა რუსთველის სახელმწ. უნივერსიტეტი, |
| გამოცემის, წარმოების, დისტრიბუციის... თარიღი |
2019. |
| 300 ## - ფიზიკური აღწერა |
| Extent |
220 გვ. : |
| Other physical details |
ილ.; |
| Dimensions |
25 სმ. |
| 501 ## - შენიშვნა თანმხლებ მასალაზე |
| With note |
ტერმინთა საძიებელი გვ. 193-201 |
| 653 ## - INDEX TERM--UNCONTROLLED |
| Uncontrolled term |
აჭარის ყოფა |
| 653 ## - INDEX TERM--UNCONTROLLED |
| Uncontrolled term |
აჭარის კულტურა |
| 653 ## - INDEX TERM--UNCONTROLLED |
| Uncontrolled term |
ხელოსნობა |
| 653 ## - INDEX TERM--UNCONTROLLED |
| Uncontrolled term |
შინამრეწველობა |
| 700 ## - ADDED ENTRY--PERSONAL NAME |
| Personal name |
კახიძე, ნოდარ |
| Relator term |
ტომის რედაქტორი. |
| 9 (RLIN) |
20300 |
| 700 ## - ADDED ENTRY--PERSONAL NAME |
| Personal name |
მალაყმაძე, როინ |
| Relator term |
რედაქტორი |
| 9 (RLIN) |
20301 |
| 700 ## - ADDED ENTRY--PERSONAL NAME |
| Personal name |
ჩელებაძე, ნაილა |
| Relator term |
რედაქტორი |
| 9 (RLIN) |
18103 |
| 700 ## - ADDED ENTRY--PERSONAL NAME |
| Personal name |
ვარშალომიძე, ჯემალ |
| Relator term |
რედაქტორი |
| 9 (RLIN) |
20302 |
| 700 ## - ADDED ENTRY--PERSONAL NAME |
| Personal name |
ბარამიძე, რუსლან |
| Relator term |
რედაქტორი |
| 9 (RLIN) |
20303 |
| 942 ## - ADDED ENTRY ELEMENTS (KOHA) |
| Source of classification or shelving scheme |
|
| Koha item type |
წიგნი |